[Event "BL 1718 Schachfreunde Berlin - SF Deizi"]
[Site "?"]
[Date "2018.02.25"]
[Round "10.1"]
[White "Leko, Peter"]
[Black "Kraemer, Martin"]
[Result "1/2-1/2"]
[WhiteElo "2692"]
[BlackElo "2580"]
[PlyCount "63"]
[EventDate "2018.??.??"]
[EventType "team-tourn"]

1. Nf3 d5 2. e3 Nf6 3. c4 e6 4. Nc3 b6 5. d4 Bd6 6. b3 O-O 7. Bb2 Bb7 8. Bd3
Nbd7 9. O-O a6 10. a4 c5 11. cxd5 exd5 12. Rc1 Qe7 13. Re1 Rfd8 14. Bf1 Nf8 15.
g3 Ne6 16. Bg2 Rac8 17. Re2 Bc6 18. Rd2 Qb7 19. h4 Qb8 20. Ne5 Bb7 21. Nf3 h6
22. Ne2 c4 23. Nc3 Bb4 24. Rdc2 cxb3 25. Re2 a5 26. Ne5 Bxc3 27. Rxc3 Ba6 28.
Rd2 Bc4 29. Nxc4 dxc4 30. d5 Nf8 31. e4 b5 32. axb5 1/2-1/2

[Event "BL 1718 Schachfreunde Berlin - SF Deizi"]
[Site "?"]
[Date "2018.02.25"]
[Round "10.2"]
[White "Sprenger, Jan Michael"]
[Black "Meier, Georg"]
[Result "1/2-1/2"]
[WhiteElo "2514"]
[BlackElo "2647"]
[PlyCount "44"]
[EventDate "2018.??.??"]
[EventType "team-tourn"]

1. e4 e6 2. d4 d5 3. Nd2 c5 4. exd5 Qxd5 5. Ngf3 cxd4 6. Bc4 Qd7 7. O-O Nc6 8.
Nb3 Nf6 9. Nbxd4 Nxd4 10. Nxd4 a6 11. Bg5 Qc7 12. Qe2 Be7 13. Rfe1 O-O 14. Bb3
Re8 15. Rad1 Bd7 16. Qf3 b5 17. Nf5 exf5 18. Rxe7 Rxe7 19. Qxa8+ Re8 20. Qf3
Ne4 21. Bf4 Qc8 22. c3 Be6 1/2-1/2

[Event "BL 1718 Schachfreunde Berlin - SF Deizi"]
[Site "?"]
[Date "2018.02.25"]
[Round "10.3"]
[White "Krasenkow, Michal"]
[Black "Schreiner, Peter"]
[Result "1/2-1/2"]
[WhiteElo "2642"]
[BlackElo "2452"]
[PlyCount "143"]
[EventDate "2018.??.??"]
[EventType "team-tourn"]

1. Nf3 c5 2. c4 Nc6 3. d4 cxd4 4. Nxd4 Qb6 5. e3 Nf6 6. Be2 e6 7. Nc3 d5 8.
cxd5 Nxd5 9. Nxd5 exd5 10. Nxc6 bxc6 11. O-O Be7 12. b3 O-O 13. Bb2 Bf5 14. Bd3
Bg6 15. g3 Rfd8 16. Bxg6 hxg6 17. Qf3 a5 18. Bc3 c5 19. Rfd1 a4 20. bxa4 Qe6
21. a5 Bf6 22. Rac1 Bxc3 23. Rxc3 Rxa5 24. Rcd3 c4 25. Rd4 Re8 26. Rxd5 Rxa2
27. Rc5 Ra4 28. Rd4 Qh3 29. Rcxc4 Rxc4 30. Rxc4 Rc8 31. Rxc8+ Qxc8 32. h4 Qe6
33. Qa8+ Kh7 34. Qd8 Qe4 35. Qd4 Qe6 36. e4 Qg4 37. Kg2 Qe2 38. e5 Qa2 39. Qe4
Kg8 40. g4 Qe6 41. Qd4 Qc6+ 42. f3 Qc2+ 43. Qf2 Qd3 44. Qe1 Qc2+ 45. Kg3 Qd3
46. Qe4 Qd1 47. Qe3 Qd5 48. f4 Qd7 49. h5 gxh5 50. gxh5 Qf5 51. Kh4 Kh7 52. Qf3
Kh6 53. Qg4 Qe4 54. Kg3 Qe3+ 55. Qf3 Qe1+ 56. Kh3 Qa1 57. Qe3 Qh1+ 58. Kg3 Qxh5
59. f5+ Kh7 60. Qe4 Qg5+ 61. Kf3 Qh5+ 62. Ke3 Qg5+ 63. Kd4 Qd8+ 64. Qd5 Qb6+
65. Qc5 Qb2+ 66. Kd5 Qb3+ 67. Qc4 Qxc4+ 68. Kxc4 Kg8 69. Kd5 Kf8 70. f6 g6 71.
Kd6 Ke8 72. e6 1/2-1/2

[Event "BL 1718 Schachfreunde Berlin - SF Deizi"]
[Site "?"]
[Date "2018.02.25"]
[Round "10.4"]
[White "Baldauf, Marco"]
[Black "Heimann, Andreas"]
[Result "1/2-1/2"]
[WhiteElo "2484"]
[BlackElo "2582"]
[PlyCount "45"]
[EventDate "2018.??.??"]
[EventType "team-tourn"]

1. Nf3 Nf6 2. c4 c5 3. d4 cxd4 4. Nxd4 Nc6 5. Nc3 e6 6. Bf4 d6 7. Nxc6 bxc6 8.
g3 d5 9. Bg2 Bd6 10. Bxd6 Qxd6 11. O-O O-O 12. cxd5 cxd5 13. e4 Rb8 14. exd5
Rxb2 15. dxe6 Qxe6 16. Qd4 Qb6 17. Qxb6 Rxb6 18. Rfd1 Bg4 19. Rd4 h5 20. Nd5
Nxd5 21. Bxd5 Be6 22. Bxe6 Rxe6 23. Ra4 1/2-1/2

[Event "BL 1718 Schachfreunde Berlin - SF Deizi"]
[Site "?"]
[Date "2018.02.25"]
[Round "10.5"]
[White "Kozul, Zdenko"]
[Black "Abel, Dennes"]
[Result "1/2-1/2"]
[WhiteElo "2625"]
[BlackElo "2469"]
[PlyCount "59"]
[EventDate "2018.??.??"]
[EventType "team-tourn"]

1. c4 c6 2. e4 d5 3. cxd5 cxd5 4. exd5 Nf6 5. Nc3 Nxd5 6. Nf3 Nxc3 7. bxc3 g6
8. h4 Nc6 9. h5 Bg7 10. d4 Bg4 11. hxg6 hxg6 12. Rxh8+ Bxh8 13. Rb1 Qd7 14. Be3
O-O-O 15. Qa4 Bxf3 16. gxf3 Qf5 17. Qb5 Qxb5 18. Bxb5 e5 19. d5 Rxd5 20. Bxc6
bxc6 21. Bxa7 Rb5 22. Rxb5 cxb5 23. Kd2 f5 24. Kd3 Kb7 25. Be3 Bf6 26. c4 Kc6
27. cxb5+ Kxb5 28. Bh6 g5 29. Bf8 g4 30. fxg4 1/2-1/2

[Event "BL 1718 Schachfreunde Berlin - SF Deizi"]
[Site "?"]
[Date "2018.02.25"]
[Round "10.6"]
[White "Seyb, Alexander"]
[Black "Graf, Alexander"]
[Result "1-0"]
[WhiteElo "2393"]
[BlackElo "2585"]
[PlyCount "41"]
[EventDate "2018.??.??"]
[EventType "team-tourn"]

1. e4 e6 2. d4 d5 3. Nc3 Nc6 4. Nf3 Nf6 5. Bd3 Bb4 6. O-O Bxc3 7. exd5 Bxd4 8.
dxc6 Bc5 9. Bg5 bxc6 10. Qe2 Bb7 11. Ne5 h6 12. Bh4 Qd4 13. Bg3 Be7 14. Rfd1
Qc5 15. b4 Qb6 16. Nc4 Qd4 17. Bf5 Qc3 18. Be5 Qxb4 19. Rab1 Qc5 20. Rxb7 exf5
21. Bd6 1-0

[Event "BL 1718 Schachfreunde Berlin - SF Deizi"]
[Site "?"]
[Date "2018.02.25"]
[Round "10.7"]
[White "Keymer, Vincent"]
[Black "Lauber, Arnd"]
[Result "0-1"]
[WhiteElo "2418"]
[BlackElo "2430"]
[PlyCount "108"]
[EventDate "2018.??.??"]
[EventType "team-tourn"]

1. d4 Nf6 2. c4 c5 3. d5 b5 4. cxb5 a6 5. bxa6 g6 6. Nc3 Bg7 7. a7 Rxa7 8. e4
O-O 9. Nf3 e6 10. Be2 exd5 11. exd5 d6 12. O-O Na6 13. Nd2 Nc7 14. Nc4 Re8 15.
Bf4 Nfxd5 16. Nxd5 Nxd5 17. Qxd5 Rxe2 18. Nxd6 Bd4 19. Qc6 Be6 20. Nb5 Bd5 21.
Nxd4 Bxc6 22. Nxe2 Qd5 23. f3 Re7 24. Rfe1 Rxe2 25. Rxe2 Qc4 26. Kf2 Qxf4 27.
Kg1 Bb5 28. Rf2 Qe3 29. Rd1 h5 30. a3 g5 31. h3 Kg7 32. Rb1 Kg6 33. Rd1 f6 34.
Rdd2 h4 35. Kh2 Bd3 36. b3 Qf4+ 37. Kh1 Qe3 38. a4 Kf5 39. Kh2 Qf4+ 40. Kh1 Qe3
41. Kh2 Ke5 42. a5 Ba6 43. Rc2 Kd6 44. Rfd2+ Kc6 45. Rd8 Qxb3 46. Rcd2 Qe6 47.
f4 gxf4 48. Rb8 Qe5 49. Rb6+ Kc7 50. Rc2 f3+ 51. Kg1 Qe1+ 52. Kh2 f2 53. Rxc5+
Kd7 54. Rd5+ Ke7 0-1

[Event "BL 1718 Schachfreunde Berlin - SF Deizi"]
[Site "?"]
[Date "2018.02.25"]
[Round "10.8"]
[White "Thiede, Lars"]
[Black "Dautov, Rustem"]
[Result "1/2-1/2"]
[WhiteElo "2409"]
[BlackElo "2596"]
[PlyCount "48"]
[EventDate "2018.??.??"]
[EventType "team-tourn"]

1. Nf3 d5 2. g3 c6 3. Bg2 Bf5 4. b3 Nf6 5. Bb2 e6 6. O-O h6 7. d3 Be7 8. Nbd2
O-O 9. Ne5 Bh7 10. a3 Nfd7 11. Nxd7 Nxd7 12. c4 a5 13. Bc3 Nf6 14. b4 d4 15.
Bb2 axb4 16. axb4 Rxa1 17. Qxa1 Bxb4 18. Nf3 c5 19. Rb1 Qd6 20. Ne1 b6 21. Nc2
e5 22. Nxb4 cxb4 23. Bc1 e4 24. Bd2 Re8 1/2-1/2

[Event "BL 1718 Hamburger SK - SV Hofheim"]
[Site "?"]
[Date "2018.02.25"]
[Round "10.2"]
[White "Miton, Kamil"]
[Black "Savchenko, Stanislav"]
[Result "1-0"]
[WhiteElo "2597"]
[BlackElo "2466"]
[PlyCount "79"]
[EventDate "2018.??.??"]
[EventType "team-tourn"]

1. d4 d5 2. c4 c6 3. Nc3 Nf6 4. e3 a6 5. Qc2 b5 6. b3 g6 7. Bd3 Bg7 8. Nf3 O-O
9. O-O Nbd7 10. Rd1 Bb7 11. Bb2 Rc8 12. c5 e5 13. Nxe5 Nxe5 14. dxe5 Nd7 15.
Ne2 Nxe5 16. a4 Re8 17. axb5 axb5 18. Nf4 Qe7 19. Bd4 Nd7 20. Bxg7 Kxg7 21. b4
Nf8 22. Ra7 Ra8 23. Qc3+ Kg8 24. Rda1 Rxa7 25. Rxa7 Ra8 26. Rxa8 Bxa8 27. Qa1
Bb7 28. Qa7 Qc7 29. g3 Nd7 30. h4 h5 31. Bf1 Qb8 32. Qa5 Ne5 33. Bh3 Nc4 34.
Qa1 Bc8 35. Bf1 Ne5 36. Ne2 Bg4 37. Nd4 Nf3+ 38. Nxf3 Bxf3 39. Qf6 Bg4 40. Qxc6
1-0

[Event "BL 1718 Hamburger SK - SV Hofheim"]
[Site "?"]
[Date "2018.02.25"]
[Round "10.3"]
[White "Ginsburg, Gennadi"]
[Black "Kempinski, Robert"]
[Result "0-1"]
[WhiteElo "2442"]
[BlackElo "2569"]
[PlyCount "76"]
[EventDate "2018.??.??"]
[EventType "team-tourn"]

1. e4 d6 2. d4 Nf6 3. Nc3 g6 4. Nf3 Bg7 5. h3 O-O 6. Be3 b6 7. Bd3 Bb7 8. O-O
Nbd7 9. Qd2 e5 10. Rfe1 exd4 11. Bxd4 Re8 12. Rad1 Nc5 13. Bxc5 bxc5 14. Bc4
Nd7 15. Bd5 Rb8 16. b3 c6 17. Bc4 Nb6 18. Na4 Nxc4 19. bxc4 Ba6 20. e5 dxe5 21.
Nxc5 Bxc4 22. Nd7 Rb5 23. Ndxe5 Rd5 24. Nd3 Rxe1+ 25. Rxe1 Bxd3 26. cxd3 Rxd3
27. Qf4 Bf6 28. g4 h6 29. Kg2 Kg7 30. Qe4 Qd5 31. h4 Qxe4 32. Rxe4 Ra3 33. Re2
c5 34. Ne5 Bxh4 35. Nc4 Ra4 36. Rc2 Bf6 37. Nd6 Rxg4+ 38. Kf3 Rg5 0-1

[Event "BL 1718 Hamburger SK - SV Hofheim"]
[Site "?"]
[Date "2018.02.25"]
[Round "10.4"]
[White "Ernst, Sipke"]
[Black "Perske, Thore"]
[Result "1-0"]
[WhiteElo "2530"]
[BlackElo "2451"]
[PlyCount "159"]
[EventDate "2018.??.??"]
[EventType "team-tourn"]

1. d4 d5 2. c4 c6 3. cxd5 cxd5 4. Bf4 Nf6 5. e3 g6 6. Nc3 Bg7 7. Nf3 O-O 8. h3
Nc6 9. Be2 Qb6 10. O-O Qxb2 11. Qc1 Qxc1 12. Rfxc1 Bd7 13. Rab1 Na5 14. Ne5 Bf5
15. Rb5 b6 16. g4 Rac8 17. f3 Be6 18. Rbb1 Ne8 19. Ba6 Ra8 20. Nd3 Nc4 21. Kf2
Ned6 22. Nb4 Nd2 23. Ra1 f5 24. g5 Rad8 25. Ke2 N2c4 26. Ncxd5 Bxd5 27. Nxd5 e5
28. dxe5 Nxe5 29. Rc7 Rf7 30. Rac1 Rdd7 31. a4 Rxc7 32. Nxc7 Re7 33. Nb5 Nxb5
34. Rc8+ Kf7 35. Bxb5 Ke6 36. h4 Nf7 37. Bc4+ Kd7 38. Rc7+ Ke8 39. Rc8+ Kd7 40.
Rc7+ Ke8 41. Rxe7+ Kxe7 42. Bb8 Ne5 43. Bg8 Nc6 44. Bg3 h6 45. Bd5 Nb4 46. Bc4
hxg5 47. hxg5 Nc6 48. Bb5 Ne5 49. Be1 Nd7 50. Bb4+ Kd8 51. Bd6 Be5 52. Bb4 Bg7
53. Bc4 Ke8 54. Kd2 a5 55. Bd6 Be5 56. Bxe5 Nxe5 57. Bb5+ Ke7 58. f4 Nf7 59.
Kd3 Nd6 60. Bc6 Kf7 61. Kd4 Ke6 62. Bd5+ Ke7 63. Bc4 Ne4 64. Bd3 Nc5 65. Bb5
Ne6+ 66. Kd5 Nd8 67. Ba6 Kd7 68. Bd3 Nb7 69. Bb5+ Kc7 70. Be8 Nd6 71. Bxg6 b5
72. axb5 a4 73. b6+ Kd7 74. b7 Nxb7 75. Bxf5+ Ke7 76. Bb1 a3 77. f5 Kf7 78. e4
Nd8 79. e5 Kg7 80. e6 1-0

[Event "BL 1718 Hamburger SK - SV Hofheim"]
[Site "?"]
[Date "2018.02.25"]
[Round "10.5"]
[White "Lobzhanidze, Davit"]
[Black "Kollars, Dmitrij"]
[Result "1/2-1/2"]
[WhiteElo "2416"]
[BlackElo "2509"]
[PlyCount "41"]
[EventDate "2018.??.??"]
[EventType "team-tourn"]

1. e4 e5 2. Nf3 Nc6 3. Bc4 Nf6 4. d3 Be7 5. O-O O-O 6. Re1 d6 7. a4 Be6 8. Nbd2
Qd7 9. c3 Rfe8 10. a5 a6 11. Qb3 Nd8 12. h3 Bf8 13. Nf1 c6 14. Qc2 g6 15. Ng3
Bg7 16. b4 Bxc4 17. dxc4 Ne6 18. Be3 Nf4 19. Rad1 Qe6 20. c5 dxc5 21. Bxc5
1/2-1/2

[Event "BL 1718 Hamburger SK - SV Hofheim"]
[Site "?"]
[Date "2018.02.25"]
[Round "10.6"]
[White "Ftacnik, Lubomir"]
[Black "Gurevich, Vladimir"]
[Result "1-0"]
[WhiteElo "2542"]
[BlackElo "2472"]
[PlyCount "73"]
[EventDate "2018.??.??"]
[EventType "team-tourn"]

1. Nf3 c5 2. c4 Nf6 3. Nc3 e6 4. g3 b6 5. Bg2 Bb7 6. O-O a6 7. Re1 d6 8. e4
Nbd7 9. d4 cxd4 10. Nxd4 Qc7 11. Be3 Be7 12. Rc1 O-O 13. f4 Rac8 14. g4 g6 15.
g5 Nh5 16. f5 Ne5 17. b3 exf5 18. Nxf5 Qd8 19. h4 f6 20. Nd5 Bxd5 21. Qxd5+ Kh8
22. Nxe7 Qxe7 23. Rcd1 Qd7 24. Qxd6 Qg4 25. Rf1 Rfd8 26. Qxd8+ Rxd8 27. Rxd8+
Kg7 28. gxf6+ Kf7 29. Bh6 Ng3 30. Rf8+ Ke6 31. Re8+ Kd6 32. Bf8+ Kc6 33. Rxe5
Ne2+ 34. Kf2 Nf4 35. Bf3 Qxh4+ 36. Ke3 Qxf6 37. Rc5+ 1-0

[Event "BL 1718 Hamburger SK - SV Hofheim"]
[Site "?"]
[Date "2018.02.25"]
[Round "10.7"]
[White "Margolin, Boris"]
[Black "Heinemann, Thies"]
[Result "1/2-1/2"]
[WhiteElo "2388"]
[BlackElo "2495"]
[PlyCount "121"]
[EventDate "2018.??.??"]
[EventType "team-tourn"]

1. e4 c5 2. Nf3 d6 3. Bc4 Nf6 4. Qe2 Nc6 5. c3 Bg4 6. h3 Bxf3 7. Qxf3 g6 8. O-O
Bg7 9. Bb3 O-O 10. Qe2 Rb8 11. d3 b5 12. Be3 b4 13. Nd2 bxc3 14. bxc3 Nd7 15.
Rfc1 Qa5 16. Rab1 Rfc8 17. Nc4 Qa6 18. f4 Nb6 19. Bf2 Nxc4 20. Bxc4 Qa3 21. Bb3
Na5 22. e5 dxe5 23. fxe5 e6 24. Qe1 Rd8 25. d4 Bh6 26. Be3 Bxe3+ 27. Qxe3 Nxb3
28. axb3 cxd4 29. cxd4 Rd7 30. Rc4 Qe7 31. Rf1 Rdb7 32. Rf3 Qd8 33. Kh2 Kg7 34.
Qc3 Rd7 35. Rf4 Qb6 36. b4 Qd8 37. Rc5 Rbb7 38. Qc4 Qb6 39. b5 h6 40. d5 exd5
41. Qd4 Kh7 42. Rf6 Qd8 43. h4 h5 44. Qf4 Kg7 45. Qg5 Re7 46. Rd6 Qe8 47. Qf6+
Kh7 48. Rcxd5 Re6 49. Qf4 Kg7 50. Qd4 Rxb5 51. Rxb5 Qxb5 52. Rxe6 fxe6 53.
Qxa7+ Kg8 54. Qa8+ Kg7 55. Qa7+ Kg8 56. Qe3 Qf1 57. Qg5 Qf7 58. Kg3 Kg7 59. Qf4
Qe7 60. Qf3 Qd8 61. Qe3 1/2-1/2

[Event "BL 1718 Hamburger SK - SV Hofheim"]
[Site "?"]
[Date "2018.02.25"]
[Round "10.8"]
[White "Carlstedt, Jonathan"]
[Black "Zude, Arno"]
[Result "1/2-1/2"]
[WhiteElo "2423"]
[BlackElo "2373"]
[PlyCount "124"]
[EventDate "2018.??.??"]
[EventType "team-tourn"]

1. d4 Nf6 2. c4 e6 3. Nc3 d5 4. Nf3 Be7 5. Bf4 O-O 6. e3 b6 7. Be2 Bb7 8. O-O
Nbd7 9. Nb5 c5 10. Bc7 Qc8 11. dxc5 Nxc5 12. b4 Nce4 13. cxd5 Nxd5 14. Rc1 Qe8
15. Be5 f6 16. Ba1 Rd8 17. Qb3 Bxb4 18. Nxa7 Nc5 19. Qb1 Qa4 20. Nb5 Ba6 21.
Nbd4 Bxe2 22. Nxe2 Ba5 23. Bd4 Rc8 24. e4 Nb4 25. Nc3 Qe8 26. Rfd1 Qe7 27. Nb5
Rfd8 28. e5 fxe5 29. Nxe5 Nc6 30. Nxc6 Rxc6 31. Be5 Rd5 32. Bf4 Rc8 33. Rxd5
exd5 34. Qf5 Rd8 35. Nd4 Qd7 36. Rd1 Bc3 37. Qxd7 Rxd7 38. Nb5 Bf6 39. g4 h6
40. Bc7 Na4 41. f4 Nb2 42. Rb1 Nc4 43. Rc1 Re7 44. Bd8 Rf7 45. Bxf6 Rxf6 46. f5
h5 47. Nc7 Ne3 48. h3 hxg4 49. hxg4 Nxg4 50. Nxd5 Rd6 51. Rc8+ Kh7 52. Ne7 Kh6
53. Rc6 Rxc6 54. Nxc6 Kg5 55. a4 Ne3 56. a5 bxa5 57. Nxa5 Kxf5 58. Nb3 g5 59.
Nd4+ Ke4 60. Ne2 Kf3 61. Nd4+ Ke4 62. Ne2 Kf3 1/2-1/2

[Event "BL 1718 SK Norderstedt - SV Hockenheim"]
[Site "?"]
[Date "2018.02.25"]
[Round "10.1"]
[White "Ponomariov, Ruslan"]
[Black "Olszewski, Michal"]
[Result "1-0"]
[WhiteElo "2694"]
[BlackElo "2540"]
[PlyCount "79"]
[EventDate "2018.??.??"]
[EventType "team-tourn"]

1. e4 e5 2. Nf3 Nc6 3. Bb5 a6 4. Ba4 Nf6 5. O-O Be7 6. d3 b5 7. Bb3 d6 8. a4 b4
9. Nbd2 Na5 10. Ba2 O-O 11. c3 Rb8 12. d4 bxc3 13. bxc3 Nd7 14. Re1 Bf6 15. Ba3
Re8 16. d5 g6 17. Bb4 Nb7 18. Nb3 Bg7 19. Bb1 Ra8 20. a5 Nb8 21. Nfd2 f5 22.
exf5 gxf5 23. Nc4 Qg5 24. Nd4 Qg6 25. Ne6 Qf7 26. Ne3 Nd8 27. Nxg7 Kxg7 28. f4
e4 29. c4 Nd7 30. Qd4+ Nf6 31. c5 dxc5 32. Qxc5 Nb7 33. Qc6 Rb8 34. Ba2 Nd6 35.
Bxd6 cxd6 36. Qxd6 Qa7 37. Rac1 Rb7 38. Rc6 Qd4 39. Kh1 Bd7 40. Qxd7+ 1-0

[Event "BL 1718 SK Norderstedt - SV Hockenheim"]
[Site "?"]
[Date "2018.02.25"]
[Round "10.2"]
[White "Ostrovskiy, Andrey"]
[Black "Balogh, Csaba"]
[Result "0-1"]
[WhiteElo "2441"]
[BlackElo "2633"]
[PlyCount "78"]
[EventDate "2018.??.??"]
[EventType "team-tourn"]

1. e4 e5 2. Nf3 Nc6 3. Bb5 Nf6 4. d3 Bc5 5. Bxc6 dxc6 6. Qe2 Nd7 7. Be3 Bd6 8.
d4 O-O 9. Nbd2 Re8 10. O-O-O Qf6 11. Kb1 exd4 12. Nxd4 Nc5 13. f3 Na4 14. Nc4
Bf8 15. Qd2 c5 16. Nb5 Qc6 17. Nc3 Nxc3+ 18. Qxc3 b5 19. Nd2 Be6 20. Nb3 b4 21.
Qd2 Reb8 22. Qf2 Rb5 23. Qh4 a5 24. Rd8 a4 25. Nc1 Rbb8 26. Rhd1 f6 27. Rxb8
Rxb8 28. Qf2 c4 29. Ne2 c3 30. Nd4 Qd7 31. Qe2 Bf7 32. b3 c5 33. Nf5 Qc7 34. g3
Ra8 35. Bf4 Qa7 36. Nd6 axb3 37. cxb3 Bxb3 38. axb3 c2+ 39. Kxc2 Qa2+ 0-1

[Event "BL 1718 SK Norderstedt - SV Hockenheim"]
[Site "?"]
[Date "2018.02.25"]
[Round "10.3"]
[White "Wagner, Dennis"]
[Black "Kopylov, Michael"]
[Result "1-0"]
[WhiteElo "2557"]
[BlackElo "2422"]
[PlyCount "61"]
[EventDate "2018.??.??"]
[EventType "team-tourn"]

1. d4 d5 2. c4 e6 3. Nc3 c6 4. e4 Bb4 5. cxd5 exd5 6. e5 c5 7. Bb5+ Nc6 8. Nge2
Nge7 9. a3 cxd4 10. axb4 dxc3 11. bxc3 O-O 12. Bf4 Ng6 13. Bxc6 bxc6 14. O-O
Re8 15. Re1 a5 16. Bg3 Bg4 17. h3 Bxe2 18. Qxe2 axb4 19. Rxa8 Qxa8 20. cxb4 Qa4
21. Qd2 Qb3 22. Kh2 h6 23. Qd4 Qc2 24. Re3 Qb1 25. Qb6 Qc1 26. b5 cxb5 27. Qxb5
Ra8 28. e6 fxe6 29. Rxe6 Ra1 30. Qe8+ Nf8 31. Bd6 1-0

[Event "BL 1718 SK Norderstedt - SV Hockenheim"]
[Site "?"]
[Date "2018.02.25"]
[Round "10.4"]
[White "Krause, Benedict"]
[Black "Saric, Ivan"]
[Result "1/2-1/2"]
[WhiteElo "2455"]
[BlackElo "2664"]
[PlyCount "90"]
[EventDate "2018.??.??"]
[EventType "team-tourn"]

1. e4 g6 2. d4 Bg7 3. Nc3 d6 4. f4 Nf6 5. Nf3 O-O 6. e5 dxe5 7. fxe5 Nd5 8. Bc4
Be6 9. Bxd5 Bxd5 10. Nxd5 Qxd5 11. Qe2 c5 12. c4 Qd7 13. d5 e6 14. d6 f6 15.
Bf4 fxe5 16. Bxe5 Bxe5 17. Qxe5 Nc6 18. Qxc5 Rf5 19. Qe3 Qxd6 20. O-O Rd8 21.
Rae1 e5 22. b3 b6 23. Ng5 Rxf1+ 24. Rxf1 Qd4 25. Qxd4 exd4 26. Rd1 h6 27. Nf3
g5 28. h3 Kf7 29. Kf2 Kf6 30. g4 Rd6 31. a3 a5 32. Rd3 Kg6 33. Kg3 h5 34. h4
hxg4 35. Kxg4 gxh4 36. Nxh4+ Kf6 37. Kf4 Ne5 38. Rd1 a4 39. bxa4 d3 40. Ke4 d2
41. Nf5 Re6 42. Nd4 Re8 43. Nf3 Nxc4+ 44. Kd4 Nxa3 45. Nxd2 Ra8 1/2-1/2

[Event "BL 1718 SK Norderstedt - SV Hockenheim"]
[Site "?"]
[Date "2018.02.25"]
[Round "10.5"]
[White "Buhmann, Rainer"]
[Black "Parvanyan, Ashot"]
[Result "1-0"]
[WhiteElo "2597"]
[BlackElo "2370"]
[PlyCount "95"]
[EventDate "2018.??.??"]
[EventType "team-tourn"]

1. d4 Nf6 2. c4 g6 3. Nc3 Bg7 4. e4 d6 5. Be2 O-O 6. Be3 c5 7. d5 e6 8. Nf3
exd5 9. cxd5 Bg4 10. Nd2 Bxe2 11. Qxe2 a6 12. a4 Nbd7 13. O-O Ne8 14. f4 Qe7
15. Rae1 Rb8 16. Kh1 f6 17. Nc4 Nc7 18. f5 g5 19. Bf2 Ne5 20. a5 Kh8 21. Na4
Nb5 22. Nab6 Rf7 23. Qd2 Bf8 24. h3 Re8 25. Re2 h5 26. Nxe5 Qxe5 27. Nc4 Qe7
28. Qd3 Qd8 29. g4 h4 30. Kg2 Bg7 31. Rc1 Rfe7 32. Nb6 Re5 33. Rc4 Qe7 34. b4
cxb4 35. Rxb4 Qf8 36. Nd7 Qe7 37. Nxe5 Qxe5 38. Rc4 Qa1 39. Qd2 Qe5 40. Qb2 Qf4
41. Rb4 Rc8 42. e5 Rc4 43. exf6 Nd4 44. fxg7+ Kh7 45. Qxd4 Rxd4 46. Rxd4 Qc1
47. f6 Qc8 48. f7 1-0

[Event "BL 1718 SK Norderstedt - SV Hockenheim"]
[Site "?"]
[Date "2018.02.25"]
[Round "10.6"]
[White "Powierski, Emil"]
[Black "Baramidze, David"]
[Result "0-1"]
[WhiteElo "2315"]
[BlackElo "2615"]
[PlyCount "90"]
[EventDate "2018.??.??"]
[EventType "team-tourn"]

1. e4 e5 2. Nf3 Nc6 3. Bb5 a6 4. Ba4 Nf6 5. O-O Be7 6. d3 d6 7. c3 O-O 8. Nbd2
b5 9. Bc2 Nb8 10. a4 Bb7 11. d4 Nbd7 12. Qe2 Re8 13. dxe5 dxe5 14. Rd1 c6 15.
Nf1 Qc7 16. Ng3 Bf8 17. h3 Nc5 18. Nh2 g6 19. Bg5 Be7 20. Qf3 Kg7 21. Qe3 Ne6
22. Bh6+ Kh8 23. Bb3 Bc8 24. Qf3 Rb8 25. Rd2 bxa4 26. Bc4 Rd8 27. Rxd8+ Qxd8
28. Qe2 Nf4 29. Qc2 Qb6 30. Rxa4 Qxb2 31. Qxb2 Rxb2 32. Nf3 Ng8 33. Bxf4 exf4
34. Ne2 Nf6 35. Nxf4 Nxe4 36. Bxf7 Rb1+ 37. Kh2 Nxf2 38. Bxg6 Rc1 39. Rc4 Bd6
40. Rxc6 Bxf4+ 41. g3 Bb7 42. Rb6 Bxf3 43. gxf4 hxg6 44. Kg3 Rxc3 45. Kxf2 Be4
0-1

[Event "BL 1718 SK Norderstedt - SV Hockenheim"]
[Site "?"]
[Date "2018.02.25"]
[Round "10.7"]
[White "Banusz, Tamas"]
[Black "Meyer, Falko"]
[Result "1-0"]
[WhiteElo "2640"]
[BlackElo "2221"]
[PlyCount "92"]
[EventDate "2018.??.??"]
[EventType "team-tourn"]

1. Nf3 d5 2. g3 g6 3. c4 d4 4. b4 Bg7 5. Bb2 e5 6. d3 a5 7. b5 c5 8. bxc6 Nxc6
9. Bg2 Nge7 10. O-O O-O 11. Na3 Nb4 12. Nc2 Nec6 13. Nxb4 Nxb4 14. Ne1 Rb8 15.
Nc2 Na6 16. Na3 Re8 17. Nb5 Bf8 18. e3 Bg7 19. exd4 exd4 20. Ba3 Nb4 21. Bxb4
axb4 22. Bd5 Be6 23. Bxe6 Rxe6 24. Qf3 Qe7 25. a3 bxa3 26. Rxa3 Re1 27. Rxe1
Qxe1+ 28. Kg2 Qe7 29. Ra2 Qd7 30. Re2 h5 31. h4 Rc8 32. Re4 Rd8 33. Qf4 Qc6 34.
Kh2 Rd7 35. Kg1 Qc5 36. Qb8+ Kh7 37. Qe8 Qc6 38. Re7 Rxe7 39. Qxe7 Qf3 40. Nd6
Kg8 41. Qxb7 Qxb7 42. Nxb7 Kf8 43. Kg2 Ke7 44. Kf3 Be5 45. Ke4 f6 46. Kd5 Bc7
1-0

[Event "BL 1718 SK Norderstedt - SV Hockenheim"]
[Site "?"]
[Date "2018.02.25"]
[Round "10.8"]
[White "Polischuk, Viktor"]
[Black "Braun, Arik"]
[Result "0-1"]
[WhiteElo "2284"]
[BlackElo "2590"]
[PlyCount "82"]
[EventDate "2018.??.??"]
[EventType "team-tourn"]

1. e4 c6 2. d4 d5 3. Nc3 dxe4 4. Nxe4 Bf5 5. Ng3 Bg6 6. h4 h6 7. Nf3 Nd7 8. h5
Bh7 9. Bd3 Bxd3 10. Qxd3 e6 11. Bd2 Ngf6 12. O-O-O Be7 13. Ne4 Qb6 14. Nxf6+
Bxf6 15. g4 c5 16. Bc3 cxd4 17. Bxd4 Qa5 18. Qb3 O-O 19. g5 hxg5 20. h6 g6 21.
Qxb7 Bxd4 22. Nxd4 Nc5 23. h7+ Kh8 24. Qf3 f6 25. a3 e5 26. Nc6 Qc7 27. Nb4
Rac8 28. c3 a5 29. Nd5 Qb7 30. Qe2 Rb8 31. f3 Rf7 32. Qc2 a4 33. Rh2 f5 34. Qe2
Nd7 35. Nb4 Re8 36. Rd6 Rg7 37. Nc6 Qc7 38. Qd2 e4 39. fxe4 Nc5 40. Qd5 Nxe4
41. Ne7 Qxe7 0-1

[Event "BL 1718 Speyer-Schwegenheim - DJK Aache"]
[Site "?"]
[Date "2018.02.25"]
[Round "10.1"]
[White "Ivanchuk, Vassily"]
[Black "Oleksiyenko, Mykhaylo"]
[Result "0-1"]
[WhiteElo "2731"]
[BlackElo "2609"]
[PlyCount "104"]
[EventDate "2018.??.??"]
[EventType "team-tourn"]

1. e4 e5 2. Nf3 Nc6 3. Bb5 Nf6 4. O-O Nxe4 5. d4 Nd6 6. Bxc6 dxc6 7. dxe5 Nf5
8. Qxd8+ Kxd8 9. Nc3 Ke8 10. h3 h5 11. Rd1 Be7 12. b3 Nh4 13. Nd4 Nf5 14. Nde2
Bd7 15. Ne4 a5 16. c4 h4 17. Nf4 a4 18. Bd2 Nd4 19. Bc3 Ne6 20. Nxe6 Bxe6 21.
f3 Rh6 22. Re1 Rg6 23. Kf2 b5 24. f4 Bf5 25. Rad1 Bxe4 26. Rxe4 Rg3 27. Bd4 Rd8
28. b4 Bxb4 29. f5 Rxd4 30. Rdxd4 Bc5 31. f6 g5 32. Kf1 Bxd4 33. Rxd4 Ra3 34.
cxb5 cxb5 35. Rd5 Rxa2 36. Rxb5 a3 37. Ra5 Kd7 38. Ra6 c6 39. e6+ Kxe6 40.
Rxc6+ Kf5 41. Ra6 Ra1+ 42. Kf2 a2 43. Ra8 Kxf6 44. Ra5 Ke6 45. Ra6+ Kd5 46.
Ra5+ Kc6 47. Ra6+ Kb5 48. Ra8 f5 49. Ra7 g4 50. hxg4 fxg4 51. Ra8 g3+ 52. Ke2
Rg1 0-1

[Event "BL 1718 Speyer-Schwegenheim - DJK Aache"]
[Site "?"]
[Date "2018.02.25"]
[Round "10.2"]
[White "Shytaj, Luca"]
[Black "van Foreest, Jorden"]
[Result "1/2-1/2"]
[WhiteElo "2448"]
[BlackElo "2636"]
[PlyCount "92"]
[EventDate "2018.??.??"]
[EventType "team-tourn"]

1. e4 e5 2. Nf3 Nc6 3. Bb5 Nf6 4. d3 d6 5. c4 Be7 6. Nc3 O-O 7. h3 Nd7 8. Be3
Bf6 9. Nd5 Nd4 10. Bxd7 Bxd7 11. Bxd4 exd4 12. O-O Be5 13. Qd2 c6 14. Nf4 Qe7
15. Ne2 c5 16. Nxe5 dxe5 17. Ng3 Qh4 18. b4 Qf4 19. Qb2 b5 20. cxb5 Bxb5 21.
bxc5 Bxd3 22. Rfe1 Rab8 23. Qa3 Bc2 24. Rec1 d3 25. Qxa7 Ra8 26. Qd7 Rxa2 27.
Rxa2 Qxc1+ 28. Nf1 Qb1 29. Ra3 Qb4 30. Ra7 Qxc5 31. Rc7 Qb4 32. Ne3 Qe1+ 33.
Kh2 Qxf2 34. Rc8 Qf4+ 35. g3 Qf2+ 36. Kh1 Qe1+ 37. Kh2 Qb4 38. Nd5 Qd2+ 39. Kg1
Qe1+ 40. Kh2 Qf2+ 41. Kh1 g6 42. Ne7+ Kg7 43. Rxf8 Qe1+ 44. Kh2 Qe2+ 45. Kg1
Qe3+ 46. Kh2 Qf2+ 1/2-1/2